ASOIAF: Nuncles Quiz Stats

Quiz not verified by Sporcle

Challenge
Share
Tweet
Embed
Score 0/22 Timer 03:00
0 Plays Today
% Correct
Aeron Greyjoy
93.9%
Benjen Stark
93.7%
Kevan Lannister
93.4%
Brynden Tully
92.4%
Robert Baratheon
91%
Viserys Targaryen
90.9%
Doran Martell
90.2%
Rodrik Cassel
89%
Hother Umber
89%
Edmure Tully
88.1%
Alester Florent
87.8%
% Correct
Stannis Baratheon
87.5%
Oberyn Martell
86.2%
Oberyn Martell
84.6%
Rodrik Harlaw
84.5%
Tyrion Lannister
84.1%
Doran Martell
82.3%
Jeor Mormont
82%
Lewyn Martell
79.4%
Rolph Spicer
77.9%
Mace Tyrell
77%
Wendel Manderly
76.5%

You're not logged in!

Compare scores with friends on all Sporcle quizzes.
Join for Free
OR
Log In

You Might Also Like...

Show Comments

Extras

Top Quizzes Today


Score Distribution

Your Account Isn't Verified!

In order to create a playlist on Sporcle, you need to verify the email address you used during registration. Go to your Sporcle Settings to finish the process.

Report this User

Report this user for behavior that violates our Community Guidelines.

Details: